State safety conferences, a guide. (Record no. 36646)
[ view plain ]
| 000 -LEADER | |
|---|---|
| fixed length control field | 00915cam a22002531 4500 |
| 001 - CONTROL NUMBER | |
| control field | l 49000048 |
| 003 - CONTROL NUMBER IDENTIFIER | |
| control field | DLC |
| 005 - DATE AND TIME OF LATEST TRANSACTION | |
| control field | 20260227111541.0 |
| 008 - FIXED-LENGTH DATA ELEMENTS--GENERAL INFORMATION | |
| fixed length control field | 921102s1949 dcu f100 0 eng c |
| 010 ## - LIBRARY OF CONGRESS CONTROL NUMBER | |
| LC control number | l 49000048 |
| 035 ## - SYSTEM CONTROL NUMBER | |
| System control number | (OCoLC)26897648 |
| 040 ## - CATALOGING SOURCE | |
| Original cataloging agency | U.S. Dept. of Labor. Library |
| Transcribing agency | CLU |
| Modifying agency | CLU |
| -- | DLC |
| 042 ## - AUTHENTICATION CODE | |
| Authentication code | premarc |
| 050 00 - LIBRARY OF CONGRESS CALL NUMBER | |
| Classification number | HD7260 |
| Item number | .P67 1949d |
| 111 2# - MAIN ENTRY--MEETING NAME | |
| Meeting name or jurisdiction name as entry element | President's Conference on Occupational Safety |
| Location of meeting | (Washington, D.C.) |
| 245 10 - TITLE STATEMENT | |
| Title | State safety conferences, a guide. |
| 260 ## - PUBLICATION, DISTRIBUTION, ETC. | |
| Place of publication, distribution, etc. | [Washington, |
| Name of publisher, distributor, etc. | U.S. Govt. Print. Off., |
| Date of publication, distribution, etc. | 1949] |
| 300 ## - PHYSICAL DESCRIPTION | |
| Extent | ii, 11 p. |
| Dimensions | 24 cm. |
| 490 1# - SERIES STATEMENT | |
| Series statement | U.S. Bureau of Labor Standards. Bulletin, |
| Volume/sequential designation | no. 109 |
| 500 ## - GENERAL NOTE | |
| General note | Cover title. |
| 500 ## - GENERAL NOTE | |
| General note | Issued by the conference under its earlier name: President's Conference on Industrial Safety. |
| 650 #0 - SUBJECT ADDED ENTRY--TOPICAL TERM | |
| Topical term or geographic name entry element | Industrial safety |
| Form subdivision | Congresses. |
| 830 #0 - SERIES ADDED ENTRY--UNIFORM TITLE | |
| Uniform title | Bulletin (United States. Bureau of Labor Standards) ; |
| Volume/sequential designation | 109. |
No items available.